00661 2200229 4500001002100000005001500021035002000036008004100056245010200097100001900199250001000218260003600228300003800264020002200302084001400324082000800338650002100346700001200367504003000379990001100409990001100420INLIS00000000001181220220617030916 a0010-0622000322220617 g 0 ind 1 aCovid-19 :bBuku Pedoman Pencegahan dan Penanganan Corona Virus /cEista Swaesti; editor, Emirfan aEISTA, Swaesti acet.1 aYogyakarta :bJavalitera,c2020 aviii, 150 hal. :bilus. ;c21 cm. a978-623-7296-40-9 a616 EIS c a616 4aPENYAKIT. CORONA0 aEMIRFAN aBibliografi : hal.144-150 a7699 a a7699 b